| 000 | 00423pab a2200181 454500 | ||
|---|---|---|---|
| 008 | 180718b2006 xxu||||| |||| 00| 0 eng d | ||
| 100 | _aSen, Biswajit | ||
| 245 | _aNaxalite threats in tribal areas: role of governors | ||
| 260 | _c2006 | ||
| 300 | _ap.23-25. | ||
| 362 | _a16 Sep | ||
| 650 | _aTribes | ||
| 650 | _aGovernors | ||
| 650 | _aNaxalite | ||
| 650 | _aTerrorism | ||
| 773 | _aMainstream | ||
| 909 | _a71608 | ||
| 999 |
_c71608 _d71608 |
||